Biggest Animals in Each Class - Statistics

General Stats
  • This quiz has been taken 20 times
  • The average score is 6 of 19
Answer Stats
Hint Answer % Correct
Mammal - Marine Blue Whale
100%
Mammal - Land (Height) Giraffe
95%
Mammal - Land (Weight) African Elephant
68%
Herbivore - Land African Elephant
68%
Fish Whale Shark
58%
Omnivore - Marine Whale Shark
58%
Reptile Saltwater Crocodile
47%
Carnivore - Land Polar Bear
37%
Carnivore - Marine Sperm Whale
32%
Bird - Flying Wandering Albatross
21%
Mollusk Colossal Squid
16%
Herbivore - Marine Manatee
16%
Bird - Flightless Common Ostrich
11%
Amphibian Chinese Giant Salamander
5%
Insect - Flightless Giant Weta
5%
Crustacean Japanese Spider Crab
5%
Insect - Flying White Witch Moth
5%
Arachnid Goliath Bird-eating Tarantula
0%
Omnivore - Land Kodiak Bear
0%
No matching quizzes found
Score Distribution
Percent of People with Each Score
Percentile by Number Answered
Your Score History
You have not taken this quiz